000 01441cam a2200337 a 4500
999 _c233084
_d233084
001 13504059
003 Nust
005 20170302094504.0
008 040227r20032003nyu 000 1 eng
010 _a 2004042635
020 _a9799696501687
040 _aDLC
_cDLC
_dDLC
043 _aa-pk---
050 0 0 _aPR9499.3.K429
_bT74 2003
082 0 0 _a823.92
_bKHA
100 1 _aKhan, Uzma Aslam.
245 1 0 _aTrespassing :
_ba novel /
_cUzma Aslam Khan.
250 _a1st American ed.
260 _aNew York :
_bMetropolitan Books,
_c2003.
300 _axiv, 443 p. ;
_c24 cm.
650 0 _aFamily-owned business enterprises
_vFiction.
650 0 _aSilk manufacturers
_vFiction.
650 0 _aCulture conflict
_vFiction.
650 0 _aSilk industry
_vFiction.
650 0 _aBusinesswomen
_vFiction.
651 0 _aKarachi (Pakistan)
_vFiction.
655 7 _aLove stories.
_2gsafd
856 4 2 _3Contributor biographical information
_uhttp://www.loc.gov/catdir/bios/hol058/2004042635.html
856 4 2 _3Publisher description
_uhttp://www.loc.gov/catdir/description/hol053/2004042635.html
906 _a7
_bcbc
_corignew
_d1
_eocip
_f20
_gy-gencatlg
942 _2ddc
_cBK